Joueurs français ayant joué à Arsenal - Statistiques

Statistiques générales
  • Ce quiz a été pris 119 fois
  • Le résultat moyen est 15 sur 30
Statistiques - réponses
Année d'arrivée Année de départ Club précédant Club suivant Nombre de match Joueurs % Correct
2019 En cours AS Saint-Etienne En cours 172 William Saliba
95%
2017 2022 Olympique Lyonnais Olympique Lyonnais 206 Alexandre Lacazettte
93%
1999 2007 Juventus Turin FC Barcelone 377 Thierry Henry
92%
2012 2018 Montpellier Hérault SC Chelsea FC 253 Olivier Giroud
86%
2008 2011 Olympique de Marseille Manchester City 125 Samir Nasri
78%
2010 2019 FC Lorient FC Girondins de Bordeaux 353 Laurent Koscielny
77%
2018 2022 FC Lorient Olympique de Marseille 82 Mattéo Guendouzi
73%
1996 2005 AC Milan Juventus Turin 405 Patrick Vieira
73%
2007 2014 AJ Auxerre Manchester City 284 Bacary Sagna
70%
2000 2006 Olympique de Marseille Villarreal CF 284 Robert Pirès
69%
2003 2011 AS Cannes Manchester City 264 Gaël Clichy
66%
1997 1999 Paris Saint-Germain Real Madrid 90 Nicolas Anelka
64%
2006 2010 Chelsea FC Tottenham Hotspur 142 William Gallas
56%
1997 2000 AS Monaco FC Barcelone 118 Emmanuel Petit
55%
2006 2015 AJ Auxerre Olympique de Marseille 180 Abou Diaby
46%
2004 2009 Olympique de Marseille AC Milan 246 Mathieu Flamini
45%
2000 2004 FC Girondins de Bordeaux Olympique Lyonnais 174 Sylvain Wiltord
45%
2014 2018 Newcastle United AS Saint-Etienne 30 Mathieu Debuchy
43%
2007 2008 Chelsea FC Portsmouth 12 Lassana Diarra
38%
2008 2018 Stade Lavallois U17 Valence FC 160 Francis Coquelin
32%
2015 2018 RC Lens U19 Angers SCO 8 Jeff Reine-Adelaïde
32%
2010 2013 Séville FC SC Bastia 39 Sébastien Squillaci
29%
2013 2017 AJ Auxerre Toulouse FC 20 Yaya Sanogo
29%
2001 2007 Arsenal FC U18 Middlesbrough FC 50 Jérémie Aliadière
25%
1997 2003 AS Monaco Colorado Rapids 169 Gilles Grimandi
21%
2002 2006 LOSC Lille Villarreal CF 98 Pascal Cygan
21%
2008 2010 Manchester United SV Werder Bremen 43 Mikaël Silvestre
20%
1996 1999 RC Strasbourg Alsace Fin de carrière 41 Rémi Garde
20%
2003 2003 RC Lens Borussia Dortmund 0 Guillaume Warmuz
9%
1998 2004 AS Saint-Etienne Stade Brestois 29 4 David Grondin
4%
Aucun quiz correspondant
Distribution des résultats
% des personnes avec chaque résultat
Percentile par nombre de réponses
Votre historique - résultats
Vous n’avez pas pris ce quiz